Nicht verwechseln! – Hauptstädte - Statistiken

Allgemein
  • Dieses Quiz wurde 593 mal gespielt
  • Das Durchschnittsergebnis liegt bei 12 aus 20
Antwortstatistiken
Hauptstadt Land % Korrekt
Budapest Ungarn
99%
Bukarest Rumänien
97%
Kingston Jamaika
84%
Pristina Kosovo
83%
Podgorica Montenegro
79%
Dakar Senegal
72%
Dhaka Bangladesch
68%
Luanda Angola
62%
Kampala Uganda
56%
Niamey Niger
54%
Kigali Ruanda
54%
N’Djamena Tschad
51%
Georgetown Guyana
49%
Lusaka Sambia
49%
Mbabane Eswatini
44%
Maseru Lesotho
43%
Banjul Gambia
42%
Kingstown St. Vincent und die Grenadinen
42%
Bangui Zentralafrikanische Republik
42%
St. George's Grenada
37%
Keine übereinstimmenden Quizze gefunden
Verteilung der Resultate
Anzahl Personen mit jedem Resultat
Perzentil nach korrekt beantworteten Fragen
Ihre Resultats-Entwicklung
Sie haben dieses Quiz noch nicht gespielt